Business communication/ (Record no. 10830)
[ view plain ]
| 000 -LEADER | |
|---|---|
| fixed length control field | 00890 a2200229 4500 |
| 010 ## - LIBRARY OF CONGRESS CONTROL NUMBER | |
| LC control number | ENG-89553 |
| 020 ## - INTERNATIONAL STANDARD BOOK NUMBER | |
| Terms of availability | 120.00 |
| 035 ## - SYSTEM CONTROL NUMBER | |
| System control number | EN-73086 |
| 037 ## - SOURCE OF ACQUISITION | |
| Source of stock number/acquisition | DBAD / PUB |
| 082 14 - DEWEY DECIMAL CLASSIFICATION NUMBER | |
| Classification number | 651.7 |
| 090 ## - LOCALLY ASSIGNED LC-TYPE CALL NUMBER (OCLC); LOCAL CALL NUMBER (OCLC) | |
| -- | 11135 |
| -- | 11135 |
| 100 1# - MAIN ENTRY--PERSONAL NAME | |
| Personal name | Shukla, Preeti |
| 245 1# - TITLE STATEMENT | |
| Title | Business communication/ |
| Statement of responsibility, etc | by Preeti Shukla; designed & edited by Gaurav Gupta |
| Remainder of title | [for BBA/MBA of different Indian Universities and B.Com (Hons) I year of Delhi University] |
| 250 ## - EDITION STATEMENT | |
| Edition statement | rev. ed |
| 260 ## - PUBLICATION, DISTRIBUTION, ETC. (IMPRINT) | |
| Place of publication, distribution, etc | Delhi : |
| Name of publisher, distributor, etc | Shree Mahavir Book Depot (Publishers) |
| Date of publication, distribution, etc | 2008 |
| 270 ## - ADDRESS | |
| Address | 2603, Nai Sarak, |
| City | Delhi |
| State or province | Delhi : |
| Postal code | 110006 |
| Telephone number | 23262993, 23270792 |
| Fax number | 011-23270792 |
| Electronic mail address | mahavirpublications@hotmail.com |
| 300 ## - PHYSICAL DESCRIPTION | |
| Extent | 288p. |
| Dimensions | 22 cm (pbk) |
| 500 ## - GENERAL NOTE | |
| General note | Include appendix |
| 700 ## - ADDED ENTRY--PERSONAL NAME | |
| Personal name | Gutpa, Gaurav |
| 942 ## - ADDED ENTRY ELEMENTS (KOHA) | |
| Institution code [OBSOLETE] | dpl |
| Koha item type | English Books |
| Call number prefix | 651.7 / SHU |
| Withdrawn status | Lost status | Source of classification or shelving scheme | Damaged status | Not for loan | Collection code | Home library | Current library | Source of acquisition | Cost, normal purchase price | Total Checkouts | Full call number | Barcode | Date last seen | Copy number | Uniform Resource Identifier | Cost, replacement price | Price effective from | Koha item type |
|---|---|---|---|---|---|---|---|---|---|---|---|---|---|---|---|---|---|---|
| Dewey Decimal Classification | Not For Loan | Non-fiction | D.B.Act.Division | D.B.Act.Division | DBAD/PUB | 120.00 | 651.7 SHU | EN-73086 | 15/09/2008 | 1 | 11927 | 120.00 | 15/09/2008 | English Books |
